|
|
|
|
| LEADER |
01021nam a22002532a 4500 |
| 001 |
000049341 |
| 003 |
CZ BrMZK |
| 005 |
20110708082316.0 |
| 008 |
951201s1994 xr f cze d |
| 040 |
|
|
|a BOA001
|b cze
|
| 080 |
|
|
|a 371.263(072)
|2 MRF
|
| 100 |
1 |
|
|a Hrabal, Vladimír,
|d 1945-
|7 jk01042574
|
| 245 |
1 |
0 |
|a Testy a testování ve škole /
|c Vladimír Hrabal, Zdena Lustigová, Ludmila Valentová.
|
| 260 |
|
|
|a Praha :
|b Univerzita Karlova,
|c 1994
|
| 300 |
|
|
|a 100 s.
|
| 700 |
1 |
|
|a Valentová, Ludmila,
|c pedagožka
|
| 700 |
1 |
|
|a Lustigová, Zdena
|7 js20061022001
|
| 910 |
|
|
|a BOA001
|b PK-N-0031.760
|
| 964 |
|
|
|a Testy didaktické - sestavování - modely - příručky pro učitele
|
| 964 |
|
|
|a Testy didaktické - užití - návody - příručky pro učitele
|
| 990 |
|
|
|a BK
|
| 991 |
|
|
|f 371 HRA
|
| 996 |
7 |
|
|b 3119003569
|c PK-N-0031.760
|l MZK
|r Sklad / do 1 hodiny
|n 46
|p kup
|w 000049341
|u 000020
|a 1
|e BOA001
|j MZK50
|s A
|
| 996 |
7 |
|
|b 3119980257
|c PK-N-0031.760
|l MZK
|r Sklad / do 1 hodiny
|n 59
|w 000049341
|u 000010
|a 1
|e BOA001
|j MZK50
|s A
|